Motocross. (Record no. 114623)
[ view plain ]
| 000 -LEADER | |
|---|---|
| fixed length control field | 00349nam a2200145 a 4500 |
| 005 - DATE AND TIME OF LATEST TRANSACTION | |
| control field | 20140414132107.0 |
| 008 - FIXED-LENGTH DATA ELEMENTS--GENERAL INFORMATION | |
| fixed length control field | 100902s19uu xx 00 eng d |
| 050 ## - LIBRARY OF CONGRESS CALL NUMBER | |
| Classification number | M 796.7 |
| Item number | J63 2008 |
| 100 ## - MAIN ENTRY--PERSONAL NAME | |
| Personal name | Johnson, Ben |
| 245 ## - TITLE STATEMENT | |
| Title | Motocross. |
| 260 ## - PUBLICATION, DISTRIBUTION, ETC. (IMPRINT) | |
| Name of publisher, distributor, etc | Ticktock, |
| Date of publication, distribution, etc | 2008. |
| 440 ## - SERIES STATEMENT/ADDED ENTRY--TITLE | |
| Title | Ultimate thrill sports |
| 650 ## - SUBJECT ADDED ENTRY--TOPICAL TERM | |
| Topical term or geographic name as entry element | Motocross |
| Withdrawn status | Lost status | Damaged status | Use restrictions | Home library | Current library | Shelving location | Date acquired | Source of acquisition | Cost, normal purchase price | Total Checkouts | Full call number | Barcode | Date last seen | Price effective from | Koha item type |
|---|---|---|---|---|---|---|---|---|---|---|---|---|---|---|---|
| Munich Library | Munich Library | Main Section | 09/02/2010 | 165.00 | M 796.7 J63 2008 | M6493 | 04/14/2014 | 04/14/2014 | Books |